000 00352 a2200169 4500
001 190164
020 _a85-16-02256-0
040 _cMagnum
100 _aShuravel, May
240 1 0 _aO nariz do general
_lpor
245 1 0 _aO nariz do general
300 _a63
362 0 _a1999
440 1 _aModerna
697 _aLITERATURA JUVENIL
942 _cBK
999 _c190164
_d190164